Anatomía dental: aplicaciones clínicas (Registro nro. 9921)

Detalles MARC
000 -Cabecera
Campo de control de longitud fija 00790nam a22003017a 4500
005 - Fecha y hora de la última transacción
Campo de control 20251105194731.0
008 - Elementos de longitud fija--Información general
Campo de control de longitud fija 160406b1998 xxu||||| |||| 00| 0 spa d
020 ## - International Standard Book Number
Número Internacional Estándar del Libro (ISBN) 068330044X
041 ## - Idioma
Código de idioma Español
082 ## - Clasificación Decimal Dewey
Número de clasificación 611.314 W842a
100 ## - Entrada principal--Autor personal
Nombre personal Woelfel, Julian B
9 (RLIN) 44417
100 ## - Entrada principal--Autor personal
Nombre personal Scheid, Rickne
245 ## - Título propiamente dicho
Título Anatomía dental: aplicaciones clínicas
260 ## - Pie de imprenta
Lugar de publicación, distribución, etc. España
260 ## - Pie de imprenta
Nombre del editor, distribuidor, etc. MASSON
260 ## - Pie de imprenta
Fecha de publicación, distribución, etc. 1998
300 ## - Descripción física
Extensión 498 páginas
300 ## - Descripción física
Otras características físicas Ilustraciones a blanco y negro
490 ## - Serie
Título de la Serie Mecánica Dental
650 ## - Materia general
Temática (materia general) ANATOMÍA DENTAL
650 ## - Materia general
Temática (materia general) MORFOLOGÍA DENTAL
650 ## - Materia general
Temática (materia general) MORFOLOGÍA RADICULAR
650 ## - Materia general
Temática (materia general) OCLUSIÓN
650 ## - Materia general
Temática (materia general) ODONTOLOGÍA FORENSE
650 ## - Materia general
Temática (materia general) ODONTOLOGÍA RESTAURADORA
650 ## - Materia general
Temática (materia general) ANOMALÍAS DENTALES
942 ## - Punto de acceso adicional KOHA
Tipo de ítem KOHA Libro
Fuente del sistema de clasificación o colocación Dewey Decimal Classification
Existencias
Signatura completa Código de barras Programa Académico Tipo de ítem
611.314 W842a 6135 Mecánica Dental Libro
611.314 W842a 6136 Mecánica Dental Libro